书目信息 |
| 题名: |
北京旅游发展研究报告
|
|
| 作者: | 戴斌 主编 ;北京旅游发展研究基地 编 | |
| 分册: | 2008 | |
| 出版信息: | 北京 旅游教育出版社 2008.09 |
|
| 页数: | 366页 | |
| 开本: | 24cm | |
| 丛书名: | ||
| 单 册: | ||
| 中图分类: | F592.71 | |
| 科图分类: | ||
| 主题词: | 旅游经济--经济发展--研究报告--北京市--2008 , 旅游经济 , 经济发展 | |
| 电子资源: | ||
| ISBN: | 978-7-5637-1739-2 | |
| 000 | 01028nam0 2200277 450 | |
| 001 | 003586244 | |
| 005 | 20091208150801.95 | |
| 010 | @a978-7-5637-1739-2@dCNY48.00 | |
| 100 | @a20071118d2008 em y0chiy0110 ea | |
| 101 | 0 | @achi |
| 102 | @aCN@b110000 | |
| 105 | @aak z 000yy | |
| 106 | @ar | |
| 200 | 1 | @a北京旅游发展研究报告@9bei jing lu^ you fa zhan yan jiu bao gao@h2008@f戴斌主编@g北京旅游发展研究基地[编] |
| 210 | @a北京@c旅游教育出版社@d2008.09 | |
| 215 | @a366页@c图@d24cm | |
| 300 | @a北京市哲学社会科学“十一五”规划项目 北京市教育委员会专项资助 | |
| 330 | @a本书主要内容包括:特稿;北京市旅游经济运行与市场研究;北京市旅游产业研究;北京市区县旅游研究;北京市旅游专题研究,共5部分。 | |
| 606 | 0 | @a旅游经济@x经济发展@x研究报告@y北京市@z2008 |
| 606 | 0 | @a旅游经济 |
| 606 | 0 | @a经济发展 |
| 690 | @aF592.71@v4 | |
| 701 | 0 | @a戴斌@9dai bin@f(1967~)@4主编 |
| 712 | 02 | @a北京旅游发展研究基地@9bei jing lu^ you fa zhan yan jiu ji di@4编 |
| 801 | 0 | @aCN@bNLC@c20091208 |
| 905 | @b20796165-70@dF592.71@e274@f6 | |
| 北京旅游发展研究报告.2008/戴斌主编/北京旅游发展研究基地[编].-北京:旅游教育出版社,2008.09 |
| 366页:图;24cm |
| 北京市哲学社会科学“十一五”规划项目 北京市教育委员会专项资助 |
| ISBN 978-7-5637-1739-2:CNY48.00 |
| 本书主要内容包括:特稿;北京市旅游经济运行与市场研究;北京市旅游产业研究;北京市区县旅游研究;北京市旅游专题研究,共5部分。 |
| ● |
| 相关链接 |
|
|
|
|
正题名:北京旅游发展研究报告
索取号:F592.71/274
 
预约/预借
| 序号 | 登录号 | 条形码 | 馆藏地/架位号 | 状态 | 备注 |
| 1 | 796165 | 207961650 | 第一样本阅览室/ [索取号:F592.71/274] | 在馆 | |
| 2 | 796166 | 207961669 | 第一借阅区/ [索取号:F592.71/274] | 在馆 | |
| 3 | 796167 | 207961678 | 第一借阅区/ [索取号:F592.71/274] | 在馆 | |
| 4 | 796168 | 207961687 | 第一借阅区/ [索取号:F592.71/274] | 在馆 | |
| 5 | 796169 | 207961696 | 第一借阅区/ [索取号:F592.71/274] | 在馆 | |
| 6 | 796170 | 207961703 | 密集书库-资源管理系/ [索取号:F592.71/274] | 在馆 |